Państwa leżące na wielu kontynentach - Statystyki

Ogólne statystyki
  • Ten quiz został rozwiązany 217 razy
    185 od ostatniego zresetowania
  • Średni wynik to 13 z 20
Statystyki odpowiedzi
Kontynenty Państwo % Poprawnych
2 Rosja
99%
2 Turcja
93%
6 Francja
87%
6 Wielka Brytania
85%
2 USA
82%
2 Egipt
80%
2 Hiszpania
77%
2 Dania
74%
2 Kazachstan
72%
2 Indonezja
67%
2 Portugalia
65%
2 Australia
60%
2 Panama
59%
3 Holandia
58%
3 Japonia
48%
2 Norwegia
46%
2 Niemcy
45%
3 Chile
39%
2 Nowa Zelandia
39%
2 Argentyna
35%
Nie znaleziono quizów pasujących do podanych kryteriów
Rozkład punktacji
Procent ludzi z każdym wynikiem
Percentyl według liczby udzielonych odpowiedzi
Twoja historia wyników
Nie rozwiązałeś tego quizu od ostatniego zresetowania